| 000 | 03595nam a22002657a 4500 | ||
|---|---|---|---|
| 001 | 216219330 | ||
| 003 | UA-OsUOA | ||
| 005 | 20210205001832.0 | ||
| 008 | 200925b un ||||| m||| 00| 0 ukr d | ||
| 040 |
_aUA-OsUOA _bukr _cUA-OsUOA _dUA-OsUOA |
||
| 041 | _aukr | ||
| 080 | _a821.161.2:821.162.1-2.091"184/192"(043.5) | ||
| 090 | _a821.161.2:821.162.1-2.091"184/192"(043.5) | ||
| 095 |
_a10.01.05 _bпорівняльне літературознавство |
||
| 100 | _aДемьянова С. К. | ||
| 245 |
_aЖанрові тенденції в українській та польській драмі другої половини XIX — початку XX століття на тему влади землі _cДемьянова Софія Костянтинівна ; наук. керівник Малютіна Наталія Павлівна |
||
| 260 |
_aКиїв _c2016 |
||
| 300 | _a20 с. | ||
| 502 |
_6Автореферат дисертації на здобуття наукового ступеня кандидата філологічних наук
_cІнститут літератури ім. Т. Г. Шевченка _d2016 |
||
| 520 | _aУ дисертації зроблено спробу шляхом порівняльного аналізу системно представити жанрову типологію українських та польських драм II половини XIX — початку XX століття, об’єднаних спільною темою влади землі над свідомістю селянина. Простежено трансформацію драматичних жанрових форм відповідно до зміни тематично-змістового наповнення сюжетів п’єс. Проаналізовано такі жанрові типи в українській та польській драматургії, як-от: драми трагедійного характеру, драматичні сцени (картини, малюнки), драми комедійного спрямування, в тому числі драматичні жарти. 'Зіставлення схожих жанрових типів у близьких драматургія було спрямоване переду сім на виявлення відмінних елементів поетики, несхожості розвитку драматичної дії, вирішення драматичної колізії, розкриття тематики творів. З’ясовано взаємозалежність зміни художньо-естетичних підходів до драми і традиційних жанрових форм, різновидів, їхньої динаміки до іронічної драми, драми абсурду, трагікомедії. Характер віднесення до літературної традиції, відмінної в українській та польській драмі, визначив рух жанрових форм у проаналізованих п’єсах і тенденції трансформації класичних жанрів трагедії, драми, комедії. | ||
| 650 |
_2UDC _a821.161.2 Українська література |
||
| 942 |
_2udc _cAR |
||
| 955 | _a1 | ||
| 999 |
_c463471 _d463471 |
||